000
00334nam a22001457a 4500
008
210310b ||||| |||| 00| 0 eng d
020
_a
9780822020523
041
_a
eng
080
_a
37
082
_a
37
100
_a
46
101
_a
EDU
245
_a
Pre-Professional Skills tests preparation guide
_c
Bobrow, J
942
_2
udc
_c
BK
999
_c
56152
_d
56152